[Event "FIDE World Rapid 2014"]
[Site "Dubai UAE"]
[Date "2014.06.16"]
[Round "5.30"]
[White "Volokitin,And"]
[Black "Mamedov,Rau"]
[Result "1-0"]
[WhiteElo "2638"]
[BlackElo "2659"]

1.e4 d6 2.d4 e5 3.dxe5 dxe5 4.Qxd8+ Kxd8 5.b3 Bd6 6.Bb2 Ke7 7.Nd2 Nf6 8.f4 Nc6
9.Ngf3 Ng4 10.h3 Ne3 11.fxe5 Bc5 12.Rc1 Rd8 13.a3 a5 14.Nc4 Nxf1 15.Rxf1 Be6
16.a4 h6 17.Ke2 Nd4+ 18.Bxd4 Bxd4 19.Rcd1 Bxc4+ 20.bxc4 Bc5 21.Rd5 b6 22.Rfd1 c6
23.R5d3 Rab8 24.Nh4 g6 25.Rxd8 Rxd8 26.Rxd8 Kxd8 27.e6 g5 28.Nf5 fxe6 29.Nxh6 Ke7
30.Kd3 e5 31.Ng4 Ke6 32.Nh2 Kf6 33.Nf3 Bb4 34.Nh2 Bc5 35.Nf1 Ke6 36.Nd2 Be7
37.Nb3 Bd8 38.Kc3 Bc7 39.Nc1 Bd8 40.Nd3 Be7 41.Kb3 Bd8 42.c5 b5 43.axb5 cxb5
44.c4 b4 45.Ka4 Bc7 46.Kb5 Kd7 47.Nc1 Bd8 48.Nb3 Bc7 49.g3 Bd8 50.h4 g4 51.c6+ Ke6
52.Nc5+ Kf7 53.Ka4 Ke7 54.h5 Bb6 55.h6 Kf7 56.Na6  1-0